Informe anual de labores, 1980

Gardado en:
Detalles Bibliográficos
Autor Corporativo: Costa Rica. Oficina del Café
Formato: Texto
Publicado: San José: La Oficina
Etiquetas: Engadir etiqueta
Sen Etiquetas, Sexa o primeiro en etiquetar este rexistro!

MARC

LEADER 00000 a a2200000 04500
001 15085
003
040
090 |a 028300  
110 |a Costa Rica. Oficina del Café  
245 |a Informe anual de labores, 1980  
260 |a San José:   |b La Oficina  
300 |a 80 p.  
999 |c 10393  |d 10393